00825cas a22002177a 4500001001900000003000400019005001700023008004100040035002500081035002200106040002400128080003200152110004500184245010600229260004500335300002000380310001000400362004100410752006400451856009200515991042005139706706OSt20241126134405.0120216d19161918spcar p|r|||||| b0spa c a(ES-BaCBU).b52295989 a(OCoLC)1120348830 aES-BaCBUbcatcCDMR a070(467.1 Ba Barcelona)(05) aAsociación de Periodistas de Barcelona10aBoletín de la Asociación de Periodistas de Barcelona c/ Asociación de Periodistas de Barcelona aBarcelona :bla Asociación,c1916-1918 a3 vol. ;c26 cm aAnual0 aNo. 1 (junio 1916)-no. 3 (oct. 1918) aCatalunyabBarcelona (Província)cBarcelonèsdBarcelona uhttps://arca.bnc.cat/arcabib_pro/ca/consulta/registro.do?id=2732zAccés lliure (ARCA)